[Event "GER-chT U16"]
[Site "Darmstadt"]
[Date "2022.12.28"]
[Round "4"]
[White "Goldinov, Daniel"]
[Black "Schwartz, Oliver"]
[Result "0-1"]
[WhiteElo "1687"]
[BlackElo "1868"]
[PlyCount "90"]
[EventDate "2022.12.26"]
[EventType "team-swiss"]
[EventRounds "7"]
[EventCountry "GER"]
[SourceTitle "CBM 212 Extra"]
[Source "ChessBase"]
[SourceDate "2023.03.31"]
[SourceVersion "1"]
[SourceVersionDate "2023.03.31"]
[SourceQuality "1"]
[WhiteTeam "Stuttgart SF"]
[BlackTeam "Ostfildern"]
[WhiteTeamCountry "GER"]
[BlackTeamCountry "GER"]

1. Nf3 Nf6 2. g3 g6 3. Bg2 Bg7 4. 0-0 0-0 5. d3 d6 6. c3 Nbd7 7. Nbd2 e5 8. e4 Ne8 9. Re1 f5 10. Nf1 Kh8 11. Bd2 Ndf6 12. Qc1 Rb8 13. Bh6 Bd7 14. Bxg7+ Nxg7 15. a4 Bc6 16. N3d2 Qd7 17. Qc2 Rf7 18. b4 b6 19. b5 Ba8 20. Nc4 Rbf8 21. Nfd2 fxe4 22. dxe4 Ne6 23. Rad1 Nc5 24. f3 Qe6 25. Bf1 Nh5 26. Ne3 Qd7 27. Bc4 Re7 28. Nd5 Ree8 29. Re3 Ng7 30. Rde1 Nge6 31. Bf1 Ng5 32. h4 Nge6 33. Bh3 Qd8 34. Kh2 Ng7 35. c4 Rf7 36. Nb1 Ref8 37. Kg2 Nge6 38. Bxe6 Nxe6 39. Qb2 Kg8 40. Nd2 Nd4 41. Rf1 g5 42. Nb3 Ne6 43. Rh1 gxh4 44. Rxh4 Rg7 45. Kf2 Qg5 0-1

[Event "GER-chT U14"]
[Site "Willingen"]
[Date "2022.08.14"]
[Round "4.6"]
[White "Keck, Johannes"]
[Black "Goldinov, Daniel"]
[Result "1/2-1/2"]
[WhiteElo "1510"]
[BlackElo "1546"]
[PlyCount "53"]
[EventDate "2022.08.13"]
[EventType "team-swiss"]
[EventRounds "7"]
[EventCountry "GER"]
[SourceTitle "EXT 2023"]
[Source "ChessBase"]
[SourceDate "2022.10.05"]
[SourceVersion "1"]
[SourceVersionDate "2022.10.05"]
[SourceQuality "1"]
[WhiteTeam "Erlangen"]
[BlackTeam "Stuttgart SF"]
[WhiteTeamCountry "GER"]
[BlackTeamCountry "GER"]

1. e4 c6 2. Nf3 d5 3. Nc3 dxe4 4. Nxe4 Nf6 5. Qe2 Nxe4 6. Qxe4 Nd7 7. Bc4 Nf6 8. Ne5 e6 9. Qe2 Bd6 10. 0-0 0-0 11. d3 Qc7 12. Re1 Nd7 13. Bf4 Nb6 14. Bg3 f6 15. Nf3 Nxc4 16. dxc4 Bxg3 17. hxg3 e5 18. c5 Qf7 19. c4 Bg4 20. Qc2 Rad8 21. Rad1 Qe7 22. b4 g6 23. Rd2 Bxf3 24. gxf3 Rxd2 25. Qxd2 Rd8 26. Qe3 Qf7 27. f4 1/2-1/2

[Event "GER-ch U14"]
[Site "Willingen"]
[Date "2022.06.05"]
[Round "2"]
[White "Goldinov, Daniel"]
[Black "Haubold, Sebastian Marcel"]
[Result "0-1"]
[WhiteElo "1626"]
[BlackElo "1889"]
[PlyCount "84"]
[EventDate "2022.06.04"]
[EventType "swiss"]
[EventRounds "9"]
[EventCountry "GER"]
[SourceTitle "CBM 208 Extra"]
[Source "ChessBase"]
[SourceDate "2022.07.31"]
[SourceVersion "1"]
[SourceVersionDate "2022.07.31"]
[SourceQuality "1"]

1. e4 e5 2. Nc3 Nf6 3. f4 d5 4. fxe5 Nxe4 5. Qf3 Nxc3 6. bxc3 c5 7. Qg3 Bf5 8. Bb5+ Nc6 9. d3 d4 10. Ne2 Bg6 11. 0-0 dxc3 12. Qf3 Qd7 13. Be3 Be7 14. Nxc3 Rc8 15. Ne4 a6 16. Bxc6 Qxc6 17. Bg5 Bxg5 18. Nxg5 0-0 19. Rae1 Qxf3 20. Nxf3 Rfe8 21. Nh4 Rcd8 22. Rf4 Re6 23. Nxg6 hxg6 24. Kf2 Rd5 25. Rfe4 Kf8 26. R1e3 Ke7 27. c3 Rb6 28. d4 cxd4 29. cxd4 Rb4 30. Rd3 Ra5 31. Rd2 Rba4 32. Ree2 Ke6 33. Ke3 f6 34. exf6 gxf6 35. Rb2 b5 36. Rec2 Rc4 37. Kd3 Kd5 38. Rxc4 bxc4+ 39. Kc3 Ra3+ 40. Kb4 Rd3 41. Ka5 Kxd4 42. Kxa6 c3 0-1